Faits notables dans Pokémon - Statistiques

Statistiques générales
  • Ce quiz a été pris 45 fois
  • Le résultat moyen est 23 sur 34
Statistiques - réponses
Fait notable Qui en est responsable? % Correct
A repris la direction de l'Arène de Jadielle après la défaite de Giovanni Blue
95%
A à coeur le bien-être des Pokémon et est devenu le Partenaire du Dragon légendaire d'Unys N
95%
A volé un Type:0 à sa mère et s'est enfui pour lui échapper Gladio
86%
A pris la fuite avec un Cosmog et s'est lié d'amitié avec lui Lilie
86%
A repris son poste de Champion pour aider son élève Marc Juan
84%
A failli détruire le monde en voulant réanimer l'Arme Suprême Lysandre
84%
A déménagé à Hoenn pour devenir Champion d'Arène Norman
84%
A inflitré le repaire de la Team Rocket à Acajou afin de les combattre Peter
84%
A dû reconstruire son Arène dans les Iles Ecumes à cause d'une éruption volcaniques Auguste
81%
A cherché son meilleur ami pendant des milliers d'années A.Z
78%
A fait geler Janusia grâce à l'énergie de Kyurem Ghetis
78%
A réuni des Boss de Teams d'autres dimensions pour grossir les rangs de l'organisation Team Rainbow Rocket
78%
A appelé Rayquaza à l'aide pour protéger la Terre d'une météorite Amaryllis
73%
A affronté Red en haut du Mont Couronné Gold
73%
A révolutionné le monde des Pokémon grâce à son Système de Stockage de Pokémon Léo
73%
Veut être le plus grand de tous les Maîtres Pokémon Sacha
73%
A fait prisonnier les 3 Pokémon Gardiens des Lacs pour arriver à ses fins Team Galaxie
73%
Se sert des Noigrumes pour fabriquer des Balls spéciales Fargas
70%
Est le Gardien de l'entrée du Pilier Céleste Marc
70%
Est devenu Champion d'Arène 2 ans après avoir tenté le Défi de la Ligue Tcheren
68%
A été acteur, puis Champion d'Arène, puis de nouveau acteur Zhu
68%
A été pendant des années le seul Champion de sa région à ne pas utiliser le Gigamax Peterson
65%
A accompagné Elsa-Mina dans l'Ultra-Brèche Guzma
62%
A combattu la Team Plasma pour récupérer le Chacripan qu'ils avaient volé à sa soeur Matis
62%
A appréhendé les Sages de la Team Plasma avec l'aide du héros du jeu Beladonis
59%
A créé la Ligue de sa région et en est devenu le Maître Professeur Euphorbe
57%
Est devenu Maître de la Ligue de sa région à 10 ans Tarak
57%
A formé une coalition des Champions d'Arène d'Unys pour affronter la Team Plasma Bardane
54%
A écrit un livre sur les mythes de la région de Galar Sonya
54%
A travaillé avec le Professeur Chen sur le Pokédex pendant des années Professeur Sorbier
41%
A protégé les Iles Sevii d'où elle est originaire Olga
38%
Est à l'origine de la création de Balls capables de capturer des Ultra-Chimères Vicky
35%
S'est revendiqué protectrice des Pokémon, mais peut également être considérée comme "Team" Fondation Aether
22%
A été la capitaine du Marina pendant des années M.Marco
14%
Aucun quiz correspondant
Distribution des résultats
% des personnes avec chaque résultat
Percentile par nombre de réponses
Votre historique - résultats
Vous n’avez pas pris ce quiz